| 000 | 00836nam a2200217 i 4500 | ||
|---|---|---|---|
| 001 | 161392 | ||
| 003 | ES-MaACL | ||
| 005 | 20250801145852.0 | ||
| 008 | 950614s1883 sp |||| | spa d | ||
| 100 | 1 |
_aPardo Bazán, Emilia, _cCondesa de, _d1851-1921 _9176434 |
|
| 245 | 1 | 3 |
_aLa cuestión palpitante / _cpor Emilia Pardo Bazán ; con un prólogo de Clarín. |
| 260 |
_aMadrid : _b[s.n.], _c1883 ( _fImp. Central, a cargo de V. Saiz) |
||
| 300 |
_aXX, 199 p. ; _c18 cm. |
||
| 530 | _aDisponible en formato digital. | ||
| 650 | 0 | 7 |
_aNaturalismo (Literatura) _2embne _915490 |
| 700 | 1 |
_aAlas, Leopoldo, _d1852-1901 _9226375 |
|
| 852 |
_x _aBA _jR-2263 _z _dOlim: B-4214 _cDEPO |
||
| 856 |
_uhttp://bdh-rd.bne.es/viewer.vm?id=0000092307&page=1 _zBiblioteca Digital Hispánica |
||
| 942 | _2udc | ||
| 999 |
_c161392 _d161392 |
||